000 00471nam a2200181Ia 4500
005 20250326141417.0
008 250326s9999 xx 000 0 und d
037 _aTextbook
040 _aFMSL
_beng
_cFMSL
041 _aeng
_2eng
084 _qFMSL
100 _aKapoor ND
_9151654
245 0 _aElements of Mercantile Law
_cKapoor ND
260 _aNew Delhi
_bNew Delhi, Sultan chand & Sons
_c1962
300 _aV..
942 _cTB
999 _c1290179
_d1290179